The Vision/ (Record no. 190386)

MARC details
000 -LEADER
fixed length control field 00493nam a22001817a 4500
005 - DATE AND TIME OF LATEST TRANSACTION
control field 20220722162335.0
010 ## - LCCN (DPL NO)
LC control number ENG-133867
020 ## - INTERNATIONAL STANDARD BOOK NUMBER
Terms of availability 200.00
International Standard Book Number 978-81-910340-3-5
035 ## - SYSTEM CONTROL NUMBER
System control number EN-117399
037 ## - SOURCE OF ACQUISITION
Source of stock number/acquisition DBAD/PUB
082 ## - DEWEY DECIMAL CLASSIFICATION NUMBER
Classification number N
100 ## - MAIN ENTRY--PERSONAL NAME
Personal name Bose, Aniruddha Bose
245 ## - TITLE STATEMENT
Title The Vision/
Statement of responsibility, etc Aniruddha Bose
260 ## - PUBLICATION, DISTRIBUTION, ETC. (IMPRINT)
Place of publication, distribution, etc Kolkata
Name of publisher, distributor, etc Smriti Publishers
Date of publication, distribution, etc 2012
270 ## - ADDRESS
Address "OASIS" CF-41 Sector I Salt Lake City
City Kolkata
Postal code 700064
300 ## - PHYSICAL DESCRIPTION
Extent 176p.
Dimensions 19cm(pbk)
942 ## - ADDED ENTRY ELEMENTS (KOHA)
Source of classification or shelving scheme Dewey Decimal Classification
Item type English Books
Classification part N
Call number suffix ANI
Holdings
Withdrawn status Lost status Not for loan Collection code Home library Current library Date acquired Source of acquisition Cost, normal purchase price Full call number Barcode Copy number Cost, replacement price Koha item type
    Not For Loan Fiction D.B.Act.Division D.B.Act.Division 22/07/2022 DBAD/PUB 200.00 N ANI EN-117399 1 200.00 English Books

© Delhi Public Library
Hit Counter
free hit counter